Представление документа в формате RUSMARC

ПолеНазваниеЗначение
  Тип записи a
  Библиографический уровень m
001 Контрольный номер RU/ГПНТБ России/KNIGADB/84(2=411.2)6/Н 48-422606540
005 Дата корректировки 20231006141646.4
010 Индекс ISBN __
a ISBN 978-5-227-09099-7
b Уточнения в пер.
9 Тираж 2000 экз.
d Цена 384-00
100 Данные общей обработки __
a Данные общей обработки 20220817d2020 ma y0rusy028902 ca
101 Язык документа 0_
a Язык текста rus
102 Страна публикации __
a Страна публикации RU
105 Кодированные данные (монография) __
a Кодированные данные (монография) y z 000ay
181 Поле кодированных данных: вид содержания _0
a Код вида содержания (ISBD) i
182 Поле кодированных данных: тип средства _0
a Код типа средства (ISBD) n
200 Заглавие и сведения об ответственности 1_
a Заглавие Вперед, русичи!
e Сведения, относящиеся к заглавию роман
f Первые сведения об ответственности Александр Некрасов
203 Вид содержания и тип средства __
a Вид содержания Текст
c Тип средства непосредственный
210 Выходные данные 1_
a Место издания Москва
c Издательство Центрполиграф
d Дата издания 2020
215 Физическое описание __
a Объем 317, [1] с.
d Формат 21 см
225 Серия 2_
a Серия Наши там
330 Аннотация __
a Аннотация Летняя вечерняя прогулка с девушкой по берегу Волги с самого начала складывалась не так, как ожидал Павел. Он никак не мог представить, что его Даша вдруг исчезнет, растворившись в глубине веков. А ему придется ринуться на ее поиски. Прямо так, в костюме металлиста, с магнитофоном в руках, очутиться… на Куликовом поле. Рискуя, не раз оказываясь перед нелегким выбором, порой впадая в отчаяние, будь то в плену у разбойников, в подземельях грозного царя или на тихоокеанском острове, Павел отчаянно движется вперед. Хотя с каждым шагом надежд на успешное завершение поисков становится все меньше…
333 Примечание о целевом назначении __
a Примечание о целевом назначении 16+. Для детей старше 16 лет
606 Тематические рубрики __
a Основная рубрика Художественная литература
2 Код системы nlr_sh
606 Тематические рубрики __
a Основная рубрика Современная русская литература (произведения)
2 Код системы nlr_sh
610 Ключевые слова 0_
a Ключевые слова проза
610 Ключевые слова 0_
a Ключевые слова романы
610 Ключевые слова 0_
a Ключевые слова русская фантастика
610 Ключевые слова 0_
a Ключевые слова историческая фантастика
610 Ключевые слова 0_
a Ключевые слова боевая фантастика
610 Ключевые слова 0_
a Ключевые слова тема перемещения во времени
610 Ключевые слова 0_
a Ключевые слова попаданцы
610 Ключевые слова 0_
a Ключевые слова тема попаданцев
610 Ключевые слова 0_
a Ключевые слова современная фантастика
610 Ключевые слова 0_
a Ключевые слова фантастические романы
610 Ключевые слова 0_
a Ключевые слова тема магии
610 Ключевые слова 0_
a Ключевые слова тема приключений
610 Ключевые слова 0_
a Ключевые слова приключения
686 Индексы других классификаций __
2 Код системы rubbks
a Классификационный индекс 84(2=411.2)6-44
700 Автор _1
a Фамилия Некрасов
b Имя А. Г.
g Полное личное имя Александр Георгиевич
4 Код отношения 070
801 Источник записи _0
b Организация ГПНТБ России
a Страна RU
c Дата составления 20220817
g Правила каталогизации PSBO
801 Источник записи _1
b Организация ГПНТБ России
a Страна RU
c Дата составления 20220817
g Правила каталогизации PSBO
852 Данные о местонахождении 5_
j Шифр хранения 84(2=411.2)6-445
i Авторский знак Н 48
900 Макрообъекты __
a Макрообъекты Вперед, русичи. Некрасов, А., 2020
901 Тип документа __
a Ответственный ООФиК/Волкова
t Тип документа m
903 Характеристики (МАРС) __
a Дата передачи 20220818
c Наименование библиотеки (МАРС) Муниципальное бюджетное учреждение культуры "Централизованная библиотечная система" г. Сургут (Центральная городская библиотека им. А. С. Пушкина)
990 Данные о заказе (DOS) __
j Количество экземпляров (DOS) 8
t N записи в КСУ для И/У (DOS) 202208